| 000 | 01674nam0a2200361 4500 | ||
|---|---|---|---|
| 001 | RU\NLR\BIBL_A\022785913 | ||
| 005 | 20260622000407.0 | ||
| 010 |
_a978-5-389-30065-1 _93000 |
||
| 035 | _a(NLR Aleph) 022785913 | ||
| 090 |
_a13732833 _c13732833 |
||
| 100 | _a20260415d2025 d y0rusy50 ca | ||
| 101 | 1 |
_arus _cger |
|
| 102 | _aRU | ||
| 105 | _aa z 000ay | ||
| 181 | 0 |
_ai3 _baxxe |
|
| 181 | 0 |
_ab2 _bxb2e |
|
| 182 | 0 | _an | |
| 200 | 1 |
_aМаленький Мук и другие сказки _e[для среднего школьного возраста] _fВ. Гауф _gперевод с немецкого М. Ю. Кореневой _gхудожник Ника Гольц |
|
| 203 |
_aТекст _aИзображение _bвизуальные _cнепосредственные |
||
| 210 |
_aМосква _cАзбука, Махаон _d2025 |
||
| 215 |
_a187, [4] с. _cцв. ил. _d27 |
||
| 225 | 1 | _aСерия "Любимые сказки" | |
| 327 | 1 | _aСодерж.: История о халифе-аисте; История о корабле призраков; История об отрубленной руке; Спасение Фатимы; История о маленьком Муке; Сказка о мнимом принце | |
| 333 | _a12+ | ||
| 686 | 0 | _aШ9(4Г)62-4 | |
| 700 | 1 |
_aГауфф _bВ. _f1802-1827 _gВильгельм _3RU\NLR\AUTH\7714221 |
|
| 702 | 1 |
_aГольц _bН. Г. _f1925-2012 _gНика Георгиевна _3RU\NLR\AUTH\7769827 _4040 |
|
| 942 | _cBOOK | ||
| 980 | _aNB | ||